00610nam a2200205Ia 4500003000900000008004100009040001300050040001300063041000900076100002700085245002400112250000900136260000900145300000800154490001300162490000800175942000700183999001700190952019700207IT-RoPAU120407s9999 xx 000 0 und d aIT-RoPAU cIT-RoPAU alat  aPublius Vergilius Maro aVergilius Mediceus. aRoma c1931 c cm aExemplar v123 cBK c23815d23815 00102ddc406870_30000000000000071aPAULUSbPAULUSd2012-04-11l0o870.3r2012-04-11 00:00:00w2012-04-11yBKzInserito da: Jole In data: 27 settembre 2011 fondo: Via A.Severo 56 Progr:36624